000
00263nam a22001217a 4500
008
180806b xxu||||| |||| 00| 0 eng d
082
_a
813.52
245
_a
PhysioEX 9.0
_c
Pearson
260
_c
2011
300
_a
1
_f
CD
440
_x
0321811402
942
_2
ddc
_c
MX
999
_c
46809
_d
46809